Pokémon - Attaques apparues en génération VIII - Statistiques

Statistiques générales
  • Ce quiz a été pris 251 fois
    236 depuis la dernière actualisation
  • Le résultat moyen est 40 sur 65
Statistiques - réponses
Hint Réponse % Correct
Acier Aegis Maxima
93%
Feu Ballon Brûlant
93%
Acier Gladius Maximus
93%
Eau Tir de Précision
90%
Dragon Canon Dynamax
86%
Dragon Draco-Flèches
86%
Plante Tambour Battant
86%
Eau Eau Revoir
76%
Glace Lance de Glace
76%
Dragon Laser Infinimax
76%
Dragon Draco-Energie
74%
Eau Torrent de Coups
74%
Dragon Abattage
71%
Ténèbres Poing Obscur
71%
Electrik Voltageôle
71%
Eau Branchicrok
69%
Spectre Esprit Frappeur
69%
Glace Triple Axel
69%
Combat Ultime Bastion
69%
Combat Big Splash
67%
Ténèbres Big Splash
67%
Acier Métalaser
67%
Electrik Monte-Tension
67%
Electrik Overdrive
67%
Sol Sable Ardent
67%
Vol Double Volée
64%
Spectre Eclat Astral
64%
Plante Gliss'Herbe
64%
Roche Laser Météore
64%
Electrik Prise de Bec
64%
Insecte Ravage Rampant
64%
Feu Feu Envieux
62%
Roche Goudronnage
62%
Acier Métalliroue
62%
Plante Tapotige
62%
Plante Acide Malique
60%
Fée Choc Emotionnel
60%
Plante Force G
60%
Fée Explo-Brume
57%
Ténèbres Fourbette
57%
Electrik Roue Libre
57%
Combat Coaching
55%
Psy Vaste Pouvoir
55%
Ténèbres Cent Rancunes
52%
Normal Champlification
52%
Combat Coup Fulgurant
52%
Combat Joute Astrale
52%
Fée Nappage
52%
Dragon Rafale Ecailles
52%
Combat Octoprise
50%
Psy Regard Glaçant
50%
Fée Vapeur Féerique
50%
Normal Change-Côté
48%
Dragon Dracacophonie
48%
Plante Troquenard
48%
Ténèbres Fureur Ardente
45%
Plante Selve Salvatrice
45%
Normal Garde-à-Joues
43%
Poison Gaz Corrosif
43%
Ténèbres Croque-Fort
40%
Psy Poudre Magique
40%
Eau Kokiyarme
36%
Eau Fontaine de Vie
33%
Psy Sort Sinistre
33%
Normal Thérémonie
33%
Aucun quiz correspondant
Distribution des résultats
% des personnes avec chaque résultat
Percentile par nombre de réponses
Votre historique - résultats
Vous n’avez pas pris ce quiz depuis la dernière actualisation